000 00810nam a22001937a 4500
999 _c7222
_d7222
003 AR-CdUCM
008 190320b ||||| |||| 00| 0 spa d
040 _aMUNICIPALIDAD PROVINCIAL DEL CUSCO
_cBIBLIOTECA MUNICIPAL DEL CUSCO
082 _a621.834 /
_bSA17
100 _aSalas Repetto, Luis Arturo
_920359
245 _aTornería mecánica :
_bcálculo de engranajes para roscar, construcción de roscas /
260 _aBuenos Aires :
_bHobby,
_c1958.
300 _a110 páginas ;
_bIlustraciones,
_c26 cm.
505 _aCálculos relativos a los engranajes para roscar -- Tren compuesto de cuatro engranajes -- Cálculos para construir un paso decimal en un torno ingles -- Paso en fracción de pulgadas ...
650 _aEngranajes
_913935
650 _aRoscas
_920360
942 _2ddc
_cLIBROS
945 _aacv